000 00521nam a22001937a 4500
003 SISC
005 20160308091551.0
008 130903t xxu||||| |||| 00| 0 eng d
020 _a0283998814
050 _aPN 81
_b.W427 1989
082 _aHS 801.95
_bW43 1989
100 _aWeisinger, Hendrie
_916368
245 _aCreative criticism /
_cHendrie Weisinger
260 _aLondon :
_bSidgwick & Jackson,
_cc1989.
300 _a273 p. :
_c24 cm.
650 _aCriticism
_913697
942 _2lcc
_cBK
999 _c10281
_d10281